000 00247nam a2200097Ia 4500
001 1098390
005 20250827003110.0
008 250824s9999 xx 000 0 und d
245 0 _aŞAMAN KIZ
_cAHMET HALDUN TERZİOĞLU
260 _bPANAMA YAYINLARI
999 _c1098390
_d1098390